000 00938nam1a2200277 4500
001 RU\NLR\BIBL_A\022480503
005 20250807185219.0
035 _a(NLR Aleph) 022480503
090 _a88659
_c88659
100 _a20250807 rusy50
101 0 _aaze
102 _aAZ
105 _aab|||||||||
200 1 _aССРИ физики ҹоғрафиjасы
_eнатамам орта вә орта мәктәбин ... үчүн
_fН. Н. Барански
205 _a3-чу чапы
210 _aБакы
_cАзәрнәшр
_d1945
215 _d21
541 1 _aФизическая география СССР
_zrus
689 1 _aД82(2) я721
700 1 _aБаранский
_bН. Н.
_gНиколай Николаевич
_4070
852 _aNLR
_bОНЛ
_jАзерб./3-2575
942 _cBOOK
945 _aРоссийская национальная библиотека
980 _aBV
980 _aONL_RF